000 00523nam a22001697a 4500
003 OSt
008 260424b |||||||| |||| 00| 0 eng d
082 _a635.93346
_bP74E
100 _aPrasad, Shree Raman
245 _aEffect of Plant Growth Regulators on Sex expression sex ratio and Yield of Bottle Gourd (Lagenaria siceraria) Molina Standl.)
260 _aPusa, Samastipur
_bRAU,
_c1994
300 _a68P.
502 _bMsc.
_d1994
650 _aHorticulture
700 _aVegetables and Floriculture
942 _2ddc
_cT
999 _c50180
_d50180